Services marketing : (Record no. 14972)
[ view plain ]
| 000 -LEADER | |
|---|---|
| fixed length control field | 01036nac a22003011u 4500 |
| 005 - DATE AND TIME OF LATEST TRANSACTION | |
| control field | 20150917154728.0 |
| 008 - FIXED-LENGTH DATA ELEMENTS--GENERAL INFORMATION | |
| fixed length control field | 110303t2011 enka frb 001 0 eng d |
| 010 ## - LIBRARY OF CONGRESS CONTROL NUMBER | |
| LC control number | 2006024219 |
| 020 ## - INTERNATIONAL STANDARD BOOK NUMBER | |
| International Standard Book Number | 0136118747 |
| 020 ## - INTERNATIONAL STANDARD BOOK NUMBER | |
| International Standard Book Number | 9780273756064 |
| 020 ## - INTERNATIONAL STANDARD BOOK NUMBER | |
| International Standard Book Number | 0273756060 |
| 040 ## - CATALOGING SOURCE | |
| Original cataloging agency | EG-ScBUE |
| Language of cataloging | eng |
| Transcribing agency | EG-ScBUE |
| 082 04 - DEWEY DECIMAL CLASSIFICATION NUMBER | |
| Classification number | 658.8 |
| Item number | LOV |
| Edition number | 22 |
| 100 1# - MAIN ENTRY--PERSONAL NAME | |
| Personal name | Lovelock, Christopher. |
| 9 (RLIN) | 22388 |
| 245 10 - TITLE STATEMENT | |
| Title | Services marketing : |
| Remainder of title | people, technology, strategy / |
| Statement of responsibility, etc | Christopher Lovelock, Jochen Wirtz. |
| 250 ## - EDITION STATEMENT | |
| Edition statement | 7th ed., Global ed. |
| 260 ## - PUBLICATION, DISTRIBUTION, ETC. (IMPRINT) | |
| Place of publication, distribution, etc | Harlow : |
| Name of publisher, distributor, etc | Pearson Education Limited, |
| Date of publication, distribution, etc | c.2011. |
| 300 ## - PHYSICAL DESCRIPTION | |
| Extent | 648 p. : |
| Other physical details | ill. ; |
| Dimensions | 33 cm. |
| 504 ## - BIBLIOGRAPHY, ETC. NOTE | |
| Bibliography, etc | Includes bibliographical references and indexes. |
| 650 #7 - SUBJECT ADDED ENTRY--TOPICAL TERM | |
| Topical term or geographic name as entry element | Marketing |
| General subdivision | Management. |
| 9 (RLIN) | 3301 |
| Source of heading or term | BUEsh |
| 650 #0 - SUBJECT ADDED ENTRY--TOPICAL TERM | |
| Topical term or geographic name as entry element | Professions |
| General subdivision | Marketing. |
| 9 (RLIN) | 22390 |
| Source of heading or term | BUEsh |
| 650 #0 - SUBJECT ADDED ENTRY--TOPICAL TERM | |
| Topical term or geographic name as entry element | Service industries |
| General subdivision | Marketing. |
| 9 (RLIN) | 22391 |
| Source of heading or term | BUEsh |
| 650 #0 - SUBJECT ADDED ENTRY--TOPICAL TERM | |
| Topical term or geographic name as entry element | Customer services |
| General subdivision | Marketing. |
| 9 (RLIN) | 22392 |
| Source of heading or term | BUEsh |
| 651 ## - SUBJECT ADDED ENTRY--GEOGRAPHIC NAME | |
| Source of heading or term | BUEsh |
| 653 ## - INDEX TERM--UNCONTROLLED | |
| Resource For college | BAEPS, Business Administration |
| Arrived date list | September2015 |
| 700 1# - ADDED ENTRY--PERSONAL NAME | |
| Personal name | Wirtz, Jochen. |
| 9 (RLIN) | 22393 |
| 942 ## - ADDED ENTRY ELEMENTS (KOHA) | |
| Item type | Book - Borrowing |
| Call number prefix | 658.8LOV |
| Source of classification or shelving scheme | Dewey Decimal Classification |
| Withdrawn status | Item status | Source of classification or shelving scheme | Materials specified (bound volume or other part) | Damaged status | Not for loan | Vendor | Home library | Current library | Shelving location | Date acquired | Source of acquisition | Cost, normal purchase price | Total Checkouts | Total Renewals | Full call number | Barcode | Date last seen | Date last borrowed | Cost, replacement price | Koha item type | Checked out |
|---|---|---|---|---|---|---|---|---|---|---|---|---|---|---|---|---|---|---|---|---|---|
| Lost | Dewey Decimal Classification | Lost In Inventory_2015-8-23 | Baccah | Central Library | Central Library | First floor | 03/03/2011 | 195.00 | 7 | 9 | 658.8 LOV | 000022820 | 11/03/2013 | 14/02/2013 | 243.75 | Book - Borrowing | |||||
| Lost | Dewey Decimal Classification | Lost In Inventory_2015-8-23 | Baccah | Central Library | Central Library | First floor | 03/03/2011 | 195.00 | 4 | 658.8 LOV | 000022821 | 02/05/2011 | 28/04/2011 | 243.75 | NB - Book (Non borrowing) | ||||||
| Lost | Dewey Decimal Classification | Lost In Inventory_2017-8-25 | Baccah | Central Library | Central Library | First floor | 03/03/2011 | Purchase | 195.00 | 10 | 20 | 658.8 LOV | 000022822 | 09/07/2017 | 01/04/2013 | 243.75 | Book - Borrowing | ||||
| Lost and Paid For | Dewey Decimal Classification | Baccah | Central Library | Central Library | First floor | 03/03/2011 | Purchase | 195.00 | 16 | 59 | 658.8 LOV | 000022823 | 11/04/2016 | 11/04/2016 | 437.50 | Book - Borrowing | |||||
| Dewey Decimal Classification | BOX07 | Damaged | Baccah | Central Library | Central Library | First floor | 03/03/2011 | 195.00 | 11 | 51 | 658.8 LOV | 000022824 | 18/08/2021 | 20/05/2015 | 243.75 | Book - Borrowing | |||||
| Dewey Decimal Classification | BOX07 | Damaged | Baccah | Central Library | Central Library | First floor | 03/03/2011 | 195.00 | 16 | 74 | 658.8 LOV | 000023314 | 24/08/2022 | 01/03/2016 | 243.75 | Book - Borrowing | |||||
| Dewey Decimal Classification | Baccah | Central Library | Central Library | First floor | 03/03/2011 | Purchase | 280.00 | 22 | 39 | 658.8 LOV | 000022826 | 03/09/2025 | 25/03/2025 | 350.00 | Book - Borrowing | ||||||
| Dewey Decimal Classification | BOX07 | Damaged | Baccah | Central Library | Central Library | First floor | 03/03/2011 | Purchase | 195.00 | 16 | 55 | 658.8 LOV | 000022827 | 18/08/2021 | 13/02/2016 | 243.75 | NB - Book (Non borrowing) | ||||
| Dewey Decimal Classification | Baccah | Central Library | Central Library | First floor | 03/03/2011 | 195.00 | 24 | 93 | 658.8 LOV | 000022828 | 15/07/2025 | 17/02/2019 | 243.75 | Book - Borrowing | |||||||
| Lost & Replaced | Dewey Decimal Classification | 000030936 | Baccah | Central Library | Central Library | First floor | 02/05/2011 | Purchase | 195.00 | 11 | 54 | 658.8 LOV | 000023467 | 17/09/2015 | 25/03/2015 | 243.75 | Book - Borrowing | ||||
| Dewey Decimal Classification | Baccah | Central Library | Central Library | First floor | 02/05/2011 | Purchase | 195.00 | 14 | 43 | 658.8 LOV | 000023468 | 15/07/2025 | 04/03/2017 | 243.75 | NB - Book (Non borrowing) | ||||||
| Dewey Decimal Classification | Baccah | Central Library | Central Library | First floor | 02/05/2011 | 195.00 | 23 | 95 | 658.8 LOV | 000023469 | 15/07/2025 | 13/02/2019 | 243.75 | Book - Borrowing | |||||||
| Dewey Decimal Classification | 000023467 | Central Library | Central Library | First floor | 17/09/2015 | Purchase | 12 | 19 | 658.8 LOV | 000030936 | 03/02/2026 | 03/02/2026 | Book - Borrowing | 05/03/2026 |